000 00566nam a2200193Ia 4500
008 131103s9999 xx 000 0 und d
040 _aLoreto College
041 _aEnglish
082 _a821.53/POP
_bLCLIB(Press)/13946
100 _aPore, Alexander
245 4 _aThe rape of the lock & other poems
_cAlexander Pope; edited by Geoffrey Tillotson
260 _aLondon
_bMethun
_c1966
300 _axiii,428p.
_c 21cm.
504 _aIncludes index
650 _aEnglish poetry
700 _aTillotson,Geoffrey; ed.
850 _aLCLIB/821.53/POP
942 _cBK
999 _c24646
_d75125